Biblioteka Instytutu Północnego w Olsztynie

Postać i nauczanie świętego Jana Pawła II : (Rekord nr 27720)

Szczegóły MARC
000 -Nagłówek
fixed length control field 02064cam a2200553 i 4500
001 - Nr kontrolny bibl., która utworzyła rek.
control field xx004064620
003 - Siglum bibl., której nr kontr. jest w 001
control field NUKAT
005 - Data i czas ostatniej operacji
control field 20260422122543.0
008 - Elementy pola stałej długości
fixed length control field 170710s2017 pl g |000 0 pol c
020 ## - ISBN
ISBN 9788365210364
dopowiedzenie (oprawa miękka)
035 ## - Systemowy numer kontrolny
systemowy numer kontrolny (OCoLC)995459988
035 ## - Systemowy numer kontrolny
systemowy numer kontrolny (NUKAT)xx004064620
040 ## - Instytucja sporządzająca opis
Instytucja, która sporządziła opis Ł U/AC
język katalgowania-trzyzn. kod pol
zasady opisu rda
Instytucja, która sporządziła rekord Ł U/AC
Instytucja, która zmodyfikowała rekord Ł U/AC
-- Ł U/MRs
-- OLSZT 008/bak
045 2# - Okres czasu dla zawartości
czas między r. 9999 pne a nasz. czas. d2001
-- d2013
046 ## - Kod rodz. daty, data1, data2 (daty pne)
Begin/single date 2017
099 ## - Dowolny opis lokalny sygnatury
symbol klasyfikacji ja2017010646
100 1# - Hasło główne-nazwa osobowa
Nazwa osobowa Dudaniec, Małgorzata.
rodzaj współpracy Autor
9 (RLIN) 40396
245 10 - Tytuł właściwy i oznaczenie odpow.
tytuł Postać i nauczanie świętego Jana Pawła II :
dodatek do tytułu papieskie akademie dla dzieci i młodzieży szkolnej /
dod. inf. ze s. tyt./ozn. odpow. Małgorzata Dudaniec.
260 ## - Adres wydawniczy
miejsce wydania, dystrybucji itp. Olsztyn :
nazwa wydawcy, dystrybutora itp. Warmińskie Wydawnictwo Diecezjalne,
data wydania, dystrybucji itp. 2017.
300 ## - Opis fizyczny
objętość i/lub forma materiału 131, [1] strona ;
format 21 cm.
336 ## - Content Type
Term Tekst
Code txt
Source rdacontent
337 ## - Media Type
Term Bez urządzenia pośredniczącego
Code n
Source rdamedia
338 ## - Carrier Type
Term Wolumin
Code nc
Source rdacarrier
380 ## - Form of work
Form of work Książki
380 ## - Form of work
Form of work Proza
380 ## - Form of work
Form of work Publikacje dydaktyczne
380 ## - Form of work
Form of work Publikacje fachowe
385 ## - Audience Characteristics
Audience term Katecheci
385 ## - Audience Characteristics
Audience term Nauczycielki i nauczyciele
385 ## - Audience Characteristics
Audience term Pedagodzy
385 ## - Audience Characteristics
Demographic group term Poziom nauczania
Audience term Gimnazja
385 ## - Audience Characteristics
Demographic group term Poziom nauczania
Audience term Szkoły podstawowe
386 ## - Creator/Contributor Characteristics
Demographic group term Przynależność kulturowa
Creator/contributor term Literatura polska
388 1# - TIME PERIOD OF CREATION
Time period of creation term 2001-
504 ## - Uwaga o bibliografii
uwaga o bibliografii Bibliografia na stronach 128-131.
600 07 - Hasło przedmiotowe-nazwa osobowa
nazwa osobowa Jan Paweł
numeracja II
tyt., in. dopowiedz. dot. nazwy (papież ;
daty biograficzne 1920-2005)
źródło hasła DBN
9 (RLIN) 37740
600 07 - Hasło przedmiotowe-nazwa osobowa
nazwa osobowa Jan Paweł
numeracja II
tyt., in. dopowiedz. dot. nazwy (papież ;
daty biograficzne 1920-2005)
określnik formy sztuki teatralne dla młodzieży.
źródło hasła kaba
9 (RLIN) 40397
648 #7 - SUBJECT ADDED ENTRY--CHRONOLOGICAL TERM
Chronological term 2001-
Source of heading or term DBN
9 (RLIN) 36393
650 #7 - Hasło przedmiotowe-nazwa pospolita
nazwa pospolita lub geogr. Nauczanie papieskie
źródło hasła DBN
9 (RLIN) 40398
650 #7 - Hasło przedmiotowe-nazwa pospolita
nazwa pospolita lub geogr. Papiestwo
źródło hasła DBN
9 (RLIN) 35590
650 #7 - Hasło przedmiotowe-nazwa pospolita
nazwa pospolita lub geogr. Teatr szkolny i akademicki polski
określnik chronologiczny 1990-.
źródło hasła kaba
9 (RLIN) 40399
655 #7 - Termin określający rodzaj/formę
rodzaj/forma Scenariusz imprezy okolicznościowej
źródło terminu DBN
9 (RLIN) 38686
655 #7 - Termin określający rodzaj/formę
rodzaj/forma Teatr polski dla dzieci
określnik chronologiczny 1990-.
źródło terminu kaba
9 (RLIN) 40400
658 ## - Nazwa określająca cel programu nauczania
główny cel programu nauczania Edukacja i pedagogika
658 ## - Nazwa określająca cel programu nauczania
główny cel programu nauczania Religia i duchowość
710 2# - Hasło dodatkowe - nazwa ciała zbior.
nazwa ciała zbior. lub nazwa geogr. Warmińskie Wydawnictwo Diecezjalne.
rodzaj współpracy Wydawca
kod rodzaju współpracy pbl
9 (RLIN) 13113
920 ## - ISBN
ISBN 978-83-65210-36-4 (oprawa miękka)
942 ## - ADDED ENTRY ELEMENTS (KOHA)
Source of classification or shelving scheme Dewey Decimal Classification
Koha item type pozycje dostępne na miejscu
Egzemplarze
Status wycofania Status zagubienia Klasyfikacja Status uszkodzenia Blokada wypożyczeń Kolekcja Lokalizacja macierzysta Lokalizacja bieżąca Data nabycia Numer akcesji Źródło akcesji Cena Nr inwentarzowy il. wypożyczeń Sygnatura Kod kreskowy Date last seen Price effective from Typ egz.
    Dewey Decimal Classification nieuszkodzona   książka w magazynie Biblioteka Instytutu Północnego w Olsztynie Biblioteka Instytutu Północnego w Olsztynie 05/07/2017 D-47/2017 dar 15.00 59928   59928 IPWK21629 22/04/2026 22/04/2026 pozycje dostępne na miejscu
Biblioteka Instytutu Północnego, ul. Partyzantów 87, 10-402 Olsztyn, email: biblioteka(at)ip.olsztyn.pl